| 000 | 00559nam a2200217Ia 4500 | ||
|---|---|---|---|
| 003 | OSt | ||
| 005 | 20231002202503.0 | ||
| 008 | 210310s9999 xx 000 0 und d | ||
| 020 | _a968-422-319-6 | ||
| 040 |
_aCO-JMCR _cCO-JMCR |
||
| 082 |
_a657.42 / _bP768c |
||
| 100 |
_apolimeni-fabozi adelberg _935424 |
||
| 245 | 0 | _aContabilidad de costos conceptos y aplicaciones para la toma de decisiones gerenciales | |
| 260 | _c1989 | ||
| 300 | _b869p : , | ||
| 440 |
_a0 _935425 |
||
| 500 | _a0 | ||
| 505 | _a0 | ||
| 650 |
_a0 _935426 |
||
| 942 |
_2ddc _cBK |
||
| 999 |
_c15140 _d15140 |
||